000
00298nam a22001217a 4500
020
_a
978-0-19-567794-2
082
_a
658.804
100
_a
Ghosh, P. K.
245
_a
Industrial Marketing
260
_a
New Delhi:
_b
Oxford University Press,
_c
2006
300
_a
xvi, 568p.: ill.; 28cm
942
_c
BK
999
_c
22217
_d
22217